| 000 | 007320000a22002170004500 | ||
|---|---|---|---|
| 090 |
_aAR _b02222 |
||
| 245 | 1 | 0 | _aCaracterización de la vegetación paramuna de los volcanes Azufral y Galeras |
| 650 | 1 | 4 |
_aSuelos _9287 |
| 650 | 1 | 4 |
_aClima _992779 |
| 650 | 1 | 4 |
_aVegetación _992799 |
| 650 | 1 | 4 |
_aInventarios de vegetación _993148 |
| 650 | 1 | 4 |
_aPáramos _992513 |
| 651 | 4 |
_lVolcán Azufral, Volcán Galeras _dNariño _pColombia _992749 |
|
| 041 | 0 | _aEspañol | |
| 700 | 1 |
_aGuatusmal, Campo Alirio de la Cruz _995731 |
|
| 700 | 1 |
_aDelgado Martínez, Luis Alfredo _995732 |
|
| 700 | 1 |
_aMontenegro Pérez, Luz Marina _995733 |
|
| 100 | 1 |
_aErazo Narvaez, Gloria Helena _995734 |
|
| 942 | _cARTICULO | ||
| 773 | 1 |
_tTesis _3103 _q27-70 _d1991 |
|
| 999 |
_c11294 _d11294 |
||